[Event "Campalto CIS 54th Serie C12"]
[Site "Campalto"]
[Date "2023.05.20"]
[Round "2.4"]
[White "Pentelashoski, Ivanche"]
[Black "Giancristofaro, Luca"]
[Result "1/2-1/2"]
[WhiteElo "1735"]
[BlackElo "1778"]
[PlyCount "122"]
[EventDate "2023.05.19"]
[EventType "team-tourn"]
[EventRounds "5"]
[EventCountry "ITA"]
[SourceTitle "EXT 2024"]
[Source "ChessBase"]
[SourceDate "2023.10.10"]
[SourceVersion "1"]
[SourceVersionDate "2023.10.10"]
[SourceQuality "1"]
[WhiteTeam "Conegliano Queen"]
[BlackTeam "Mestre Capa Boys"]
[WhiteTeamCountry "ITA"]
[BlackTeamCountry "ITA"]

1. e4 e5 2. Nc3 Nf6 3. f4 d6 4. Nf3 exf4 5. d4 Be7 6. Bc4 0-0 7. 0-0 Be6 8. d5 Bg4 9. Bxf4 a6 10. a4 Nbd7 11. Be2 Bxf3 12. Bxf3 Re8 13. Rb1 Nf8 14. Ne2 Ng6 15. Be3 Nd7 16. Ng3 Bf6 17. Nh5 Be5 18. Bg4 Qh4 19. g3 Qe7 20. Qf3 Nf6 21. Bg5 Bd4+ 22. Kh1 Qxe4 23. Nxf6+ Bxf6 24. Qxe4 Rxe4 25. Bf5 Rxa4 26. Bxf6 gxf6 27. Bxg6 hxg6 28. Rxf6 Re8 29. Rbf1 Re7 30. c3 Rae4 31. Kg2 Re2+ 32. R1f2 Rxf2+ 33. Rxf2 f5 34. h4 Re5 35. Rd2 Kg7 36. Kf3 Kf6 37. Rd4 Re1 38. Rc4 Rf1+ 39. Ke2 Rb1 40. b4 Ke5 41. Rxc7 Kxd5 42. Rxb7 Rg1 43. Kf2 Rc1 44. Rg7 Rc2+ 45. Kf1 Rxc3 46. Rxg6 Rb3 47. Rg8 Rxb4 48. Ra8 Rg4 49. Kf2 f4 50. gxf4 Rxh4 51. Kg3 Rh6 52. Rxa6 Ke4 53. Ra4+ Kf5 54. Ra5+ Ke6 55. Kg4 Rg6+ 56. Kf3 Rg8 57. Ke4 Rg1 58. f5+ Kf6 59. Kd5 Rd1+ 60. Ke4 Re1+ 61. Kd4 Rd1+ 1/2-1/2

[Event "Chioggia op-B 11th"]
[Site "Chioggia"]
[Date "2016.10.07"]
[Round "1"]
[White "Giancristofaro, Luca"]
[Black "Petrella, Andrea"]
[Result "1-0"]
[WhiteElo "1789"]
[BlackElo "1527"]
[PlyCount "33"]
[EventDate "2016.10.07"]
[EventType "swiss"]
[EventRounds "5"]
[EventCountry "ITA"]
[SourceTitle "EXT 2022"]
[Source "ChessBase"]
[SourceDate "2021.10.06"]
[SourceVersion "1"]
[SourceVersionDate "2021.10.06"]
[SourceQuality "1"]

1. d4 d5 2. c4 c6 3. Nf3 e6 4. Nc3 Nf6 5. Bg5 Nbd7 6. e3 Be7 7. Qc2 0-0 8. Bd3 h6 9. Bh4 a6 10. 0-0 Qc7 11. c5 e5 12. Bg3 Re8 13. Nxe5 Nh5 14. Bh7+ Kf8 15. Ng6+ fxg6 16. Bxc7 Nhf6 17. Bxg6 1-0

[Event "Mogliano Veneto op-B 34th"]
[Site "Mogliano Veneto"]
[Date "2013.04.27"]
[Round "4"]
[White "Giancristofaro, Luca"]
[Black "Stringhetta, Elio"]
[Result "1-0"]
[WhiteElo "1780"]
[BlackElo "1680"]
[PlyCount "75"]
[EventDate "2013.04.25"]
[EventType "swiss"]
[EventRounds "6"]
[EventCountry "ITA"]
[SourceTitle "EXT 2015"]
[Source "ChessBase"]
[SourceDate "2014.11.20"]
[SourceVersion "1"]
[SourceVersionDate "2014.11.20"]
[SourceQuality "1"]

1. d4 d5 2. c4 c6 3. Nf3 g6 4. Nc3 Nf6 5. e3 Bg7 6. Qb3 0-0 7. cxd5 cxd5 8. Bd3 Nc6 9. h3 a6 10. a4 Re8 11. Ne5 e6 12. f4 Nh5 13. 0-0 Qh4 14. Bd2 Qe7 15. Ne2 Nxe5 16. fxe5 Bh6 17. Rf3 Bd7 18. Raf1 b5 19. a5 f6 20. exf6 Nxf6 21. Rxf6 Bc6 22. Qc2 e5 23. Qxc6 exd4 24. Qxd5+ Kh8 25. Rf7 Bxe3+ 26. Kh1 Bxd2 27. Qxd4+ Qe5 28. Rf8+ Kg7 29. Qxe5+ Rxe5 30. Rxa8 b4 31. Rxa6 Rd5 32. Bc4 Re5 33. Ra7+ Kh6 34. Rff7 Kg5 35. Rxh7 Rf5 36. Ng3 Re5 37. Rae7 Rxa5 38. Ne4+ 1-0

[Event "Chioggia op-B 07th"]
[Site "Chioggia"]
[Date "2012.10.14"]
[Round "4"]
[White "Giancristofaro, Luca"]
[Black "Grudina, Marco"]
[Result "1-0"]
[WhiteElo "1771"]
[BlackElo "1827"]
[PlyCount "117"]
[EventDate "2012.10.12"]
[EventType "swiss"]
[EventRounds "5"]
[EventCountry "ITA"]
[SourceTitle "EXT 2022"]
[Source "ChessBase"]
[SourceDate "2021.10.06"]
[SourceVersion "1"]
[SourceVersionDate "2021.10.06"]
[SourceQuality "1"]

1. d4 d5 2. c4 c6 3. Nf3 Nf6 4. Nc3 e6 5. Bg5 Nbd7 6. e3 Qa5 7. Nd2 Bb4 8. Qc2 0-0 9. Be2 Ne4 10. Ndxe4 dxe4 11. Bf4 Bxc3+ 12. bxc3 f5 13. Bd6 Rf7 14. 0-0 Nf6 15. Rfb1 Qd8 16. Be5 Nd7 17. Bg3 Qf6 18. c5 Qh6 19. Rf1 g5 20. Bd6 Nf6 21. c4 f4 22. Be5 Qg6 23. exf4 gxf4 24. Bxf4 Rg7 25. g3 e5 26. Bxe5 Bh3 27. Rfe1 Rf7 28. Bf1 Bf5 29. Qd2 Ng4 30. Bf4 Nf6 31. Bg2 Re8 32. d5 cxd5 33. cxd5 Nh5 34. Be3 Rd8 35. d6 Bd7 36. Qd5 Bc6 37. Qg5 Rdd7 38. Qxg6+ hxg6 39. Bh3 Rd8 40. Be6 Nf6 41. Bg5 Kg7 42. Bxf7 Kxf7 43. f3 Re8 44. Bxf6 Kxf6 45. fxe4 Bxe4 46. d7 Rd8 47. Rxe4 Rxd7 48. Rf1+ Kg7 49. Rfe1 Kh6 50. Re7 Rd2 51. R1e2 Rd1+ 52. Kg2 Rc1 53. Rxb7 Rxc5 54. Rxa7 Rc4 55. h4 Rb4 56. Kh3 Rc4 57. Ree7 g5 58. Ra6+ Kh5 59. Rh7# 1-0

[Event "Mogliano Veneto op-C 31st"]
[Site "Mogliano Veneto"]
[Date "2010.05.01"]
[Round "2"]
[White "Stringhetta, Elio"]
[Black "Giancristofaro, Luca"]
[Result "1-0"]
[WhiteElo "1447"]
[BlackElo "1536"]
[PlyCount "127"]
[EventDate "2010.04.30"]
[EventType "swiss"]
[EventRounds "5"]
[EventCountry "ITA"]
[SourceTitle "EXT 2023"]
[Source "ChessBase"]
[SourceDate "2022.10.05"]
[SourceVersion "1"]
[SourceVersionDate "2022.10.05"]
[SourceQuality "1"]

1. d4 d5 2. Bf4 Nf6 3. e3 e6 4. Nf3 c5 5. c3 Nc6 6. Bb5 Bd7 7. Nbd2 cxd4 8. cxd4 Be7 9. 0-0 Nh5 10. Bxc6 Bxc6 11. Be5 f6 12. Nh4 g6 13. Bg3 0-0 14. a3 Bb5 15. Re1 a5 16. Rc1 Nxg3 17. fxg3 g5 18. Nhf3 g4 19. Nh4 f5 20. Rc3 Bxh4 21. gxh4 Qxh4 22. Nf1 f4 23. exf4 Bxf1 24. Rxf1 h5 25. Qe2 Qf6 26. Qd3 Rfc8 27. f5 Rxc3 28. bxc3 Rc8 29. fxe6 Qxe6 30. Qd2 Qg6 31. Qf4 Qg7 32. Qf5 Rxc3 33. Qxd5+ Kh8 34. Qxh5+ Kg8 35. Qd5+ Kh8 36. Qd8+ Kh7 37. Qxa5 Qxd4+ 38. Kh1 Rc5 39. Qe1 Rc7 40. Qe6 Qg7 41. Qf5+ Kg8 42. Rd1 Rf7 43. Rd8+ Rf8 44. Rxf8+ Qxf8 45. Qxg4+ Kh8 46. Qh5+ Kg7 47. Qe5+ Kg8 48. Qd5+ Kh8 49. Qd4+ Kg8 50. a4 Qa3 51. h3 Qc1+ 52. Kh2 Qc7+ 53. Kg1 Qc1+ 54. Kf2 Qc2+ 55. Kg3 Qc7+ 56. Qf4 Qc3+ 57. Kh2 Qb2 58. a5 Qb5 59. Qb8+ Kf7 60. h4 Kg7 61. Qc7+ Kg6 62. Qg3+ Kh7 63. Qc7+ Kh6 64. Qb6+ 1-0